| 000 | 01747cam a22003735i 4500 | ||
|---|---|---|---|
| 999 |
_c1437 _d1437 |
||
| 003 | EG-ScBUE | ||
| 005 | 20200203115944.0 | ||
| 008 | 200203s2005 enk f b 001 0 eng d | ||
| 020 | _a9780582784550 | ||
| 020 | _a0582784557 (pbk.) | ||
| 040 |
_aEG-ScBUE _beng _erda _cEG-ScBUE _dEG-ScBUE |
||
| 082 | 0 | 4 |
_a808.0668 _bFAB _222 |
| 100 | 1 |
_aFabb, Nigel, _eauthor. |
|
| 245 | 1 | 0 |
_aHow to write essays and dissertations : _ba guide for English literature students / _cNigel Fabb and Alan Durant. |
| 246 | 3 | 0 | _aGuide for English literature students |
| 250 | _aSecond edition. | ||
| 264 | 1 |
_aHarlow, England ; _aLondon : _bPearson Longman, _c2005. |
|
| 300 |
_axi, 169 pages ; _c21 cm |
||
| 336 |
_atext _btxt _2rdacontent |
||
| 337 |
_aunmediated _bn _2rdamedia |
||
| 338 |
_avolume _bnc _2rdacarrier |
||
| 504 | _aIncludes bibliographical references and index. | ||
| 520 | _aThis guide to writing essays and dissertations for English literature students offers step-by-step instruction on each stage of writing, from organising initial ideas through to submitting a completed piece of work. It also explains the general principles that underlie essay topics and exam questions. | ||
| 650 | 7 |
_aCriticism _xAuthorship _vHandbooks, manuals, etc. _2BUEsh |
|
| 650 | 7 |
_aLiterature _xHistory and criticism _xTheory, etc. _vHandbooks, manuals, etc. _2BUEsh |
|
| 650 | 7 |
_aDissertations, Academic _xAuthorship _vHandbooks, manuals, etc. _2BUEsh |
|
| 650 | 7 |
_aEnglish language _xRhetoric _vHandbooks, manuals, etc. _2BUEsh _97500 |
|
| 650 | 7 |
_aEssay _xAuthorship _vHandbooks, manuals, etc. _2BUEsh |
|
| 650 | 7 |
_aAcademic writing _vHandbooks, manuals, etc. _2BUEsh |
|
| 651 | _2BUEsh | ||
| 653 | _bHHUUEENN | ||
| 700 | 1 |
_aDurant, Alan, _eauthor. |
|
| 942 |
_cBB _2ddc |
||